...

NIRU LIBRARY

The changing dynamics of terrorism & violent extremism policy and practice (Record no. 594)

MARC details
000 -LEADER
fixed length control field 00683nam a22001817a 4500
003 - CONTROL NUMBER IDENTIFIER
control field OSt
005 - DATE AND TIME OF LATEST TRANSACTION
control field 20260109125636.0
008 - FIXED-LENGTH DATA ELEMENTS--GENERAL INFORMATION
fixed length control field 260109b |||||||| |||| 00| 0 eng d
020 ## - INTERNATIONAL STANDARD BOOK NUMBER
International Standard Book Number 978 9966 1962 3 1
040 ## - CATALOGING SOURCE
Original cataloging agency NIRU
Language of cataloging EN
Transcribing agency NIRU
050 ## - LIBRARY OF CONGRESS CALL NUMBER
Classification number HV 6431
Item number .C43 2018 V.II
130 ## - MAIN ENTRY--UNIFORM TITLE
Uniform title The changing dynamics of terrorism and violent extremism policy and practice
245 ## - TITLE STATEMENT
Title The changing dynamics of terrorism & violent extremism policy and practice
Statement of responsibility, etc. Ali, Mustafa Yususf, Nzau Mumo, Khanneje [editors]
260 ## - PUBLICATION, DISTRIBUTION, ETC.
Place of publication, distribution, etc. Nairobi, Kenya
Name of publisher, distributor, etc. Horn International institute for strategic studies
Date of publication, distribution, etc. 2018
300 ## - PHYSICAL DESCRIPTION
Extent 306 p.
650 ## - SUBJECT ADDED ENTRY--TOPICAL TERM
Topical term or geographic name entry element Terrorism
Form subdivision Violent extremism
General subdivision policy
942 ## - ADDED ENTRY ELEMENTS (KOHA)
Source of classification or shelving scheme Library of Congress Classification
Koha item type Books
Suppress in OPAC No
Holdings
Withdrawn status Lost status Source of classification or shelving scheme Damaged status Not for loan Home library Current library Shelving location Date acquired Source of acquisition Total checkouts Full call number Barcode Date last seen Price effective from Koha item type
    Library of Congress Classification     NIRU LIBRARY NIRU LIBRARY General stacks 01/09/2026 Depository   HV 6431 .C43 2018 2026-0006 01/09/2026 01/09/2026 Books
Copyright © 2025&6. National Intelligence and Research University. All Rights Reserved.